[Event "Robecchetto Primavera op 12th"]
[Site "Robecchetto"]
[Date "2015.04.09"]
[Round "2"]
[White "Serrao, Piergiorgio"]
[Black "Moroni, Luca"]
[Result "1/2-1/2"]
[WhiteElo "1682"]
[BlackElo "1824"]
[PlyCount "66"]
[EventDate "2015.04.02"]
[EventType "swiss"]
[EventRounds "7"]
[EventCountry "ITA"]
[SourceTitle "EXT 2017"]
[Source "ChessBase"]
[SourceDate "2016.10.25"]
[SourceVersion "1"]
[SourceVersionDate "2016.10.25"]
[SourceQuality "1"]

1. d4 d6 2. c4 Nf6 3. Nc3 g6 4. e4 Bg7 5. Nf3 0-0 6. Be2 c5 7. d5 Bg4 8. 0-0 Nbd7 9. h3 Bxf3 10. Bxf3 a6 11. Be3 Rb8 12. a4 Qb6 13. Qc2 Qb4 14. Na2 Qa5 15. Bd2 Qc7 16. Nc3 Nb6 17. Be2 Nbd7 18. Bf3 Ne5 19. Be2 Ne8 20. f4 Nd7 21. Bd3 Bd4+ 22. Kh1 Ng7 23. Ne2 e5 24. Nxd4 cxd4 25. b4 exf4 26. Bxf4 Ne5 27. Rab1 Nh5 28. Bh2 Qe7 29. Qd2 Qh4 30. Be2 Ng3+ 31. Bxg3 Qxg3 32. Qxd4 Rbc8 33. c5 dxc5 1/2-1/2

[Event "Robecchetto Spring 11th A"]
[Site "Robecchetto"]
[Date "2014.05.22"]
[Round "6"]
[White "Serrao, Piergiorgio"]
[Black "Pappalardo, Antonio"]
[Result "1/2-1/2"]
[WhiteElo "1605"]
[BlackElo "1783"]
[PlyCount "42"]
[EventDate "2014.04.10"]
[EventType "swiss"]
[EventRounds "7"]
[EventCountry "ITA"]
[SourceTitle "EXT 2024"]
[Source "ChessBase"]
[SourceDate "2023.10.10"]
[SourceVersion "1"]
[SourceVersionDate "2023.10.10"]
[SourceQuality "1"]

1. d4 d5 2. c4 dxc4 3. Nf3 Nf6 4. e3 a6 5. Bxc4 e6 6. 0-0 c5 7. Qe2 b5 8. Bb3 Bb7 9. Rd1 Qb6 10. dxc5 Bxc5 11. Nc3 0-0 12. Bc2 Nc6 13. Ne4 Nxe4 14. Bxe4 Be7 15. b3 Bf6 16. Bb2 Bxb2 17. Qxb2 Ne7 18. Bxb7 Qxb7 19. Qd4 Ng6 20. Qd7 Qb8 21. Qd6 Rd8 1/2-1/2